[Event "DEN-chT 1617 55th"]
[Site "Denmark"]
[Date "2017.03.18"]
[Round "8.2"]
[White "Holst, Per"]
[Black "Stuhr, Peter Sebastian"]
[Result "1-0"]
[WhiteElo "2085"]
[BlackElo "1856"]
[PlyCount "57"]
[EventDate "2016.10.29"]
[EventType "team-tourn"]
[EventRounds "9"]
[EventCountry "DEN"]
[SourceTitle "EXT 2018"]
[Source "ChessBase"]
[SourceDate "2017.10.13"]
[SourceVersion "1"]
[SourceVersionDate "2017.10.13"]
[SourceQuality "1"]
[WhiteTeam "Nordre"]
[BlackTeam "Valby K41"]
[WhiteTeamCountry "DEN"]
[BlackTeamCountry "DEN"]

1. d4 d6 2. c4 e5 3. Nf3 e4 4. Ng5 f5 5. g3 Be7 6. Nh3 Be6 7. Nc3 c6 8. d5 Bf7 9. Bg2 Nd7 10. 0-0 h5 11. f3 h4 12. g4 fxg4 13. fxg4 Ne5 14. g5 Nxc4 15. Bxe4 Bh5 16. Qd4 Ne5 17. Bf4 c5 18. Qe3 Ng6 19. Bf5 Qb6 20. Qe4 Nf8 21. Be3 Nd7 22. Bg6+ Kd8 23. Bxh5 Rxh5 24. Qg6 Ngf6 25. gxf6 Nxf6 26. Nf4 Re5 27. Ne6+ Kd7 28. Bf4 c4+ 29. Kh1 1-0

[Event "Helsingor Xtracon op"]
[Site "Helsingor"]
[Date "2016.07.24"]
[Round "2"]
[White "Stuhr, Peter Sebastian"]
[Black "Jacobsen, Elise Sjottem"]
[Result "1/2-1/2"]
[WhiteElo "1918"]
[BlackElo "1611"]
[PlyCount "91"]
[EventDate "2016.07.23"]
[EventType "swiss"]
[EventRounds "10"]
[EventCountry "DEN"]
[SourceTitle "CBM 173 Extra"]
[Source "ChessBase"]
[SourceDate "2016.08.29"]
[SourceVersion "1"]
[SourceVersionDate "2016.08.29"]
[SourceQuality "1"]

1. e4 c5 2. Nc3 Nc6 3. f4 g6 4. Bb5 Nd4 5. a4 Bg7 6. e5 Nxb5 7. axb5 d6 8. Nf3 Bg4 9. h3 Be6 10. d4 cxd4 11. Qxd4 Qb8 12. 0-0 dxe5 13. Nxe5 Nf6 14. Be3 Nd7 15. Rxa7 Rxa7 16. Qxa7 Qxa7 17. Bxa7 Nxe5 18. fxe5 Bxe5 19. Na4 Bc4 20. Re1 Bxb5 21. Rxe5 Bxa4 22. Bc5 e6 23. b3 Bd7 24. Bd6 f6 25. Ra5 Kf7 26. c4 Bc6 27. b4 Rd8 28. c5 Rd7 29. b5 Be4 30. Ra4 Bd5 31. Ra8 e5 32. Rc8 Ke6 33. g4 Be4 34. Kf2 Bd5 35. Re8+ Kf7 36. Ra8 b6 37. c6 Rxd6 38. c7 Be6 39. c8Q Bxc8 40. Rxc8 Rd5 41. Rc7+ Ke6 42. Rc6+ Rd6 43. Rc7 Rd5 44. Rc6+ Rd6 45. Rc7 Rd5 46. Rc6+ 1/2-1/2

[Event "Helsingor Xtracon op"]
[Site "Helsingor"]
[Date "2016.07.23"]
[Round "1"]
[White "Burmakin, Vladimir"]
[Black "Stuhr, Peter Sebastian"]
[Result "1-0"]
[WhiteElo "2549"]
[BlackElo "1918"]
[PlyCount "71"]
[EventDate "2016.07.23"]
[EventType "swiss"]
[EventRounds "10"]
[EventCountry "DEN"]
[SourceTitle "CBM 173 Extra"]
[Source "ChessBase"]
[SourceDate "2016.08.29"]
[SourceVersion "1"]
[SourceVersionDate "2016.08.29"]
[SourceQuality "1"]

1. d4 d6 2. g3 Nf6 3. Bg2 Nbd7 4. e4 e5 5. Ne2 c6 6. a4 b6 7. 0-0 Rb8 8. b3 Qc7 9. Re1 Be7 10. Ba3 Nf8 11. c4 g5 12. Nbc3 a6 13. b4 h5 14. b5 h4 15. bxc6 Qxc6 16. Nd5 Ng6 17. dxe5 dxe5 18. Nxe7 Nxe7 19. Qd6 Qxd6 20. Bxd6 Nc6 21. Bxb8 Nxb8 22. Reb1 Nbd7 23. a5 bxa5 24. Rxa5 h3 25. Bh1 Kd8 26. Nc3 Re8 27. Bf3 Re6 28. Nd5 Rc6 29. Nxf6 Nxf6 30. Rxe5 g4 31. Be2 Be6 32. c5 Kc7 33. Rc1 Kb7 34. f3 a5 35. fxg4 Nxg4 36. Rxe6 1-0

[Event "Copenhagen Challenge"]
[Site "Ballerup"]
[Date "2016.04.23"]
[Round "7"]
[White "Stuhr, Peter Sebastian"]
[Black "Larsen, Preben R"]
[Result "1-0"]
[WhiteElo "1957"]
[BlackElo "1821"]
[PlyCount "123"]
[EventDate "2016.04.20"]
[EventType "swiss"]
[EventRounds "9"]
[EventCountry "DEN"]
[SourceTitle "CBM 172 Extra"]
[Source "ChessBase"]
[SourceDate "2016.06.21"]
[SourceVersion "1"]
[SourceVersionDate "2016.06.21"]
[SourceQuality "1"]

1. e4 e5 2. Nc3 Nc6 3. Bc4 Bc5 4. d3 d6 5. f4 Bxg1 6. Rxg1 Qh4+ 7. Kf1 Bg4 8. Qd2 Qxh2 9. Qf2 Nf6 10. f5 Nh5 11. Nd5 Ng3+ 12. Ke1 Nd4 13. Ne3 Bh5 14. Nf1 Nxf1 15. Rxf1 Ne2 16. g4 Qxf2+ 17. Rxf2 Bxg4 18. Rg2 h5 19. Rxe2 Bxe2 20. Kxe2 h4 21. Be3 Rh7 22. Rh1 Ke7 23. Bg5+ f6 24. Be3 b6 25. Rh3 Rah8 26. c3 c5 27. a4 Rh5 28. Kf3 Kf8 29. Kg4 Ke7 30. Kf3 Kf8 31. Ke2 Ke7 32. Kd2 Kf8 33. Kc2 Ke7 34. Kb3 Rb8 35. Bd5 Rbh8 36. Kc4 Rg5 37. Bf2 Rg2 38. Bxh4 Rh6 39. b4 Rg4 40. Bxf6+ Kxf6 41. Rf3 Ke7 42. Kb5 Rh2 43. Ka6 Kd8 44. Kxa7 Kc7 45. Be6 Rg5 46. f6 Rh8 47. f7 Rf8 48. Bd5 Rg6 49. Ka6 Rg1 50. Kb5 Rg5 51. Rf1 Rg4 52. a5 Rg3 53. axb6+ Kd7 54. Ra1 cxb4 55. cxb4 Rf3 56. Ra7+ Kd8 57. Be6 g5 58. Ra8+ Ke7 59. Rxf8 Kxf8 60. b7 Ke7 61. Bc4 g4 62. b8Q 1-0

[Event "Faxe Dags op"]
[Site "Faxe"]
[Date "2016.04.13"]
[Round "3"]
[White "Sorensen, Lindved"]
[Black "Stuhr, Peter Sebastian"]
[Result "0-1"]
[WhiteElo "1797"]
[BlackElo "1989"]
[PlyCount "60"]
[EventDate "2016.03.30"]
[EventType "swiss"]
[EventRounds "7"]
[EventCountry "DEN"]
[SourceTitle "EXT 2021"]
[Source "ChessBase"]
[SourceDate "2020.10.23"]
[SourceVersion "1"]
[SourceVersionDate "2020.10.23"]
[SourceQuality "1"]

1. Nf3 Nc6 2. c4 e5 3. d3 a6 4. g3 f5 5. Bg2 Nf6 6. 0-0 Bc5 7. a3 d6 8. b4 Ba7 9. Nc3 0-0 10. Bg5 Qe8 11. Nh4 Qh5 12. Bxf6 Rxf6 13. Nd5 Rf7 14. Bf3 Qg5 15. Ng2 Nd4 16. e3 Nxf3+ 17. Qxf3 c6 18. Nc3 Qf6 19. Rac1 g5 20. b5 axb5 21. cxb5 Bd7 22. a4 Bc5 23. Qd1 Bb4 24. Qb3 Ba5 25. Rfd1 Be6 26. Qc2 f4 27. Ne4 Qh6 28. bxc6 f3 29. Nxd6 Qh3 30. Ne1 Bxe1 0-1

[Event "Faxe Dags op"]
[Site "Faxe"]
[Date "2016.04.06"]
[Round "2"]
[White "Stuhr, Peter Sebastian"]
[Black "Jacobsen, Knud"]
[Result "1-0"]
[WhiteElo "1989"]
[BlackElo "1038"]
[PlyCount "58"]
[EventDate "2016.03.30"]
[EventType "swiss"]
[EventRounds "7"]
[EventCountry "DEN"]
[SourceTitle "EXT 2021"]
[Source "ChessBase"]
[SourceDate "2020.10.23"]
[SourceVersion "1"]
[SourceVersionDate "2020.10.23"]
[SourceQuality "1"]

1. e4 e5 2. Nc3 Nf6 3. Bc4 Nc6 4. d3 Bc5 5. f4 d6 6. f5 0-0 7. Bg5 Re8 8. Nd5 Nd4 9. Nxf6+ gxf6 10. Bh6 Kh8 11. c3 Nc6 12. Bxf7 Re7 13. Qh5 Bd7 14. Bd5 Qe8 15. Qh4 Rf7 16. Nf3 Qg8 17. g4 Ne7 18. Bxf7 Qxf7 19. g5 Rg8 20. gxf6 Nxf5 21. exf5 Bxf5 22. Bg7+ Rxg7 23. fxg7+ Qxg7 24. Qd8+ Qg8 25. Qf6+ Qg7 26. Qxf5 d5 27. Qxe5 Qxe5+ 28. Nxe5 d4 29. Rg1 h6 1-0

[Event "Politiken Cup 37th"]
[Site "Helsingor"]
[Date "2015.07.29"]
[Round "6"]
[White "Christensen, Lasse"]
[Black "Stuhr, Peter Sebastian"]
[Result "1-0"]
[WhiteElo "2168"]
[BlackElo "1999"]
[PlyCount "107"]
[EventDate "2015.07.25"]
[EventType "swiss"]
[EventRounds "10"]
[EventCountry "DEN"]
[SourceTitle "CBM 167 Extra"]
[Source "ChessBase"]
[SourceDate "2015.09.14"]
[SourceVersion "1"]
[SourceVersionDate "2015.09.14"]
[SourceQuality "1"]

1. g3 e5 2. Bg2 f5 3. c4 Nc6 4. Nc3 Nf6 5. a3 a5 6. e3 Bc5 7. d3 0-0 8. Nge2 Qe8 9. 0-0 f4 10. exf4 Qh5 11. Ne4 Nxe4 12. dxe4 d6 13. f5 g6 14. Nc3 Qxd1 15. Rxd1 gxf5 16. Be3 Nd4 17. Nb5 Nc2 18. Bxc5 Nxa1 19. Nxc7 dxc5 20. Nxa8 Nb3 21. Nc7 Nd4 22. exf5 Rxf5 23. Nd5 Kg7 24. Bh3 Rf8 25. Bxc8 Rxc8 26. Kg2 Rd8 27. Re1 Nc6 28. Re3 Rd7 29. Rb3 Nd4 30. Re3 Nc6 31. Rb3 Nd4 32. Rb6 e4 33. g4 h6 34. h4 Nf3 35. h5 Ne5 36. Ne3 Kh7 37. Re6 Nd3 38. Kg3 Nxb2 39. Nd5 Rf7 40. Rxe4 Kg7 41. Ne3 Rd7 42. Re6 Rd3 43. Kf4 Rd4+ 44. Kf5 Nd3 45. Re7+ Kf8 46. Rxb7 Nxf2 47. g5 hxg5 48. h6 Kg8 49. Nd5 Ng4 50. Ne7+ Kh7 51. Kxg5 Ne5 52. Ng6+ Nd7 53. Rxd7+ Rxd7 54. Nf8+ 1-0

[Event "Politiken Cup 37th"]
[Site "Helsingor"]
[Date "2015.07.25"]
[Round "1"]
[White "Stuhr, Peter Sebastian"]
[Black "Kvamme, Ingrid Jodre"]
[Result "1-0"]
[WhiteElo "1999"]
[BlackElo "1351"]
[PlyCount "83"]
[EventDate "2015.07.25"]
[EventType "swiss"]
[EventRounds "10"]
[EventCountry "DEN"]
[SourceTitle "CBM 167 Extra"]
[Source "ChessBase"]
[SourceDate "2015.09.14"]
[SourceVersion "1"]
[SourceVersionDate "2015.09.14"]
[SourceQuality "1"]

1. e4 c5 2. Nc3 Nc6 3. f4 e6 4. Nf3 a6 5. a4 d5 6. Qe2 Nf6 7. e5 Nd7 8. Nd1 Be7 9. Nf2 0-0 10. g4 Rb8 11. h4 f6 12. exf6 Nxf6 13. Bh3 Qd6 14. d3 b5 15. b3 Bd7 16. c3 Bd8 17. Ne5 Bc8 18. g5 Ne8 19. Nxc6 Qxc6 20. Ng4 Bc7 21. Ne5 Qb6 22. a5 Qb7 23. Bd2 Nd6 24. Qf2 c4 25. dxc4 bxc4 26. b4 Nf5 27. 0-0 Bd6 28. Rae1 Bd7 29. Bg2 Qc7 30. Re2 Rbe8 31. Rfe1 Bc8 32. Bh3 Re7 33. g6 Bxe5 34. gxh7+ Kxh7 35. Rxe5 Ref7 36. h5 Qa7 37. Qxa7 Rxa7 38. Kf2 Raf7 39. Kf3 Rf6 40. Bg4 Re8 41. Bxf5+ Rxf5 42. Rxf5 1-0

[Event "Faxe Dags op"]
[Site "Faxe"]
[Date "2015.05.27"]
[Round "7"]
[White "Refsgaard, Kaj"]
[Black "Stuhr, Peter Sebastian"]
[Result "1-0"]
[WhiteElo "1738"]
[BlackElo "1973"]
[PlyCount "109"]
[EventDate "2015.04.07"]
[EventType "swiss"]
[EventRounds "7"]
[EventCountry "DEN"]
[SourceTitle "EXT 2021"]
[Source "ChessBase"]
[SourceDate "2020.10.23"]
[SourceVersion "1"]
[SourceVersionDate "2020.10.23"]
[SourceQuality "1"]

1. d4 d6 2. Nf3 Nd7 3. Bg5 Ngf6 4. e3 c6 5. Bd3 e5 6. dxe5 dxe5 7. Nbd2 Qc7 8. 0-0 Be7 9. c3 a5 10. Rc1 Nc5 11. Bb1 b6 12. Nc4 Ng4 13. Bxe7 Kxe7 14. h3 e4 15. hxg4 Rd8 16. Nd4 Ba6 17. b3 h6 18. Re1 Rd5 19. Nd2 Bd3 20. b4 Bxb1 21. bxc5 Bxa2 22. cxb6 Qxb6 23. Qc2 h5 24. Qxa2 hxg4 25. Rb1 Qc7 26. Qb3 Ra7 27. Qb6 Kd7 28. Qxc7+ Rxc7 29. Nxe4 Ke7 30. Rb6 f5 31. Ng3 Rc5 32. Nge2 g5 33. g3 Kd6 34. Reb1 Ke5 35. Ra1 Ke4 36. Ra6 Kd3 37. R6xa5 Rxa5 38. Rxa5 c5 39. Ne6 Rc6 40. Rxc5 Rxe6 41. Nd4 Ra6 42. Rxf5 Kxc3 43. Rxg5 Kd3 44. Rxg4 Ra2 45. Rf4 Kc4 46. g4 Kd5 47. g5 Ke5 48. Rg4 Ra8 49. g6 Kf6 50. g7 Rg8 51. f4 Kf7 52. Nf5 Kf6 53. Nh6 Ra8 54. g8Q Re8 55. Qf7# 1-0

[Event "Copenhagen Challenge"]
[Site "Ballerup"]
[Date "2015.05.01"]
[Round "5"]
[White "Stuhr, Peter Sebastian"]
[Black "Akdag, Dara Sevkan"]
[Result "1-0"]
[WhiteElo "1973"]
[BlackElo "2177"]
[PlyCount "75"]
[EventDate "2015.04.29"]
[EventType "swiss"]
[EventRounds "9"]
[EventCountry "DEN"]
[SourceTitle "CBM 166 Extra"]
[Source "ChessBase"]
[SourceDate "2015.06.18"]
[SourceVersion "1"]
[SourceVersionDate "2015.06.18"]
[SourceQuality "1"]

1. e4 c5 2. Nc3 a6 3. a4 Nc6 4. f4 e6 5. Bc4 Nge7 6. e5 Ng6 7. d3 d5 8. exd6 Bxd6 9. g3 e5 10. fxe5 Ngxe5 11. Bd5 Bg4 12. Bxc6+ bxc6 13. Nce2 Bc7 14. h3 Bh5 15. Bf4 Nf3+ 16. Nxf3 Bxf3 17. 0-0 Bh5 18. g4 Bg6 19. Bxc7 Qxc7 20. Nf4 0-0 21. b3 Rad8 22. Qf3 Qd6 23. Rae1 Qd4+ 24. Kg2 Rd6 25. Ne6 Rxe6 26. Rxe6 Qc3 27. Rf2 a5 28. Rxc6 Qd4 29. Ra6 Qd8 30. Ra7 Qb6 31. Ra8 Qd6 32. Re2 f6 33. Rxf8+ Qxf8 34. Qd5+ Bf7 35. Qd7 Qa8+ 36. Kf2 Qb8 37. Re7 Qh2+ 38. Ke1 1-0

[Event "Reykjavik op"]
[Site "Reykjavik"]
[Date "2015.03.16"]
[Round "8"]
[White "Gaarder, Hans K"]
[Black "Stuhr, Peter Sebastian"]
[Result "0-1"]
[WhiteElo "1701"]
[BlackElo "1973"]
[PlyCount "130"]
[EventDate "2015.03.10"]
[EventType "swiss"]
[EventRounds "10"]
[EventCountry "ISL"]
[SourceTitle "CBM 165 Extra"]
[Source "ChessBase"]
[SourceDate "2015.04.21"]
[SourceVersion "1"]
[SourceVersionDate "2015.04.21"]
[SourceQuality "1"]

1. d4 d6 2. e4 Nf6 3. Nc3 e5 4. dxe5 dxe5 5. Qxd8+ Kxd8 6. Bg5 Be6 7. 0-0-0+ Nbd7 8. Nf3 Kc8 9. Bb5 c6 10. Bd3 Kc7 11. h3 Bb4 12. a3 Bxc3 13. bxc3 b5 14. Be3 h6 15. Nd2 Nb6 16. Bxb6+ axb6 17. Kb2 Ra4 18. Ra1 Rha8 19. Rhe1 Ne8 20. g4 Nd6 21. f3 Nb7 22. h4 Nc5 23. Be2 R4a7 24. g5 hxg5 25. hxg5 Na4+ 26. Kc1 Nxc3 27. Kb2 Na4+ 28. Kc1 Nc5 29. Kb2 g6 30. Nb1 b4 31. Bf1 b5 32. Re3 Bc4 33. Bxc4 bxc4 34. axb4 Rxa1 35. bxc5 R8a2+ 36. Kc1 Ra5 37. Kb2 R1a2+ 38. Kc1 Rb5 39. Nc3 Ra1+ 40. Kd2 Rxc5 41. Nd1 Rb5 42. Re2 Rbb1 43. Ne3 Kd7 44. Nxc4 Ke6 45. Kc3 Rf1 46. Nd2 Rae1 47. Rh2 Rh1 48. Rf2 Rhg1 49. f4 Re3+ 50. Kc4 exf4 51. Rxf4 Rxg5 52. Kd4 Rgg3 53. Nc4 Ref3 54. Rh4 Rf2 55. Rh8 Rxc2 56. Re8+ Kd7 57. Ra8 c5+ 58. Kxc5 Rgc3 59. Ra7+ Ke6 60. Ra4 g5 61. Kd4 Rxc4+ 62. Rxc4 Rxc4+ 63. Kxc4 Ke5 64. Kd3 Kf4 65. e5 Kf3 0-1

[Event "Reykjavik op"]
[Site "Reykjavik"]
[Date "2015.03.11"]
[Round "2"]
[White "Stuhr, Peter Sebastian"]
[Black "Lee, Gudmundur Kristinn"]
[Result "0-1"]
[WhiteElo "1973"]
[BlackElo "1676"]
[PlyCount "70"]
[EventDate "2015.03.10"]
[EventType "swiss"]
[EventRounds "10"]
[EventCountry "ISL"]
[SourceTitle "CBM 165 Extra"]
[Source "ChessBase"]
[SourceDate "2015.04.21"]
[SourceVersion "1"]
[SourceVersionDate "2015.04.21"]
[SourceQuality "1"]

1. e4 e5 2. Nc3 Bc5 3. Bc4 Nf6 4. d3 d6 5. Be3 Bb6 6. Nge2 Be6 7. Bb3 Bxe3 8. Ba4+ b5 9. Nxb5 c6 10. Nxd6+ Qxd6 11. fxe3 Qb4+ 12. c3 Qb6 13. Qc1 Nbd7 14. b4 a5 15. a3 0-0 16. Bc2 axb4 17. cxb4 c5 18. Rb1 cxb4 19. axb4 Ra2 20. Nc3 Ra6 21. Qd2 Ng4 22. d4 Nxe3 23. d5 Nxc2+ 24. Qxc2 Qe3+ 25. Ne2 Bg4 26. h3 Bh5 27. Kd1 Rfa8 28. g4 Ra2 29. Rb2 Rxb2 30. Qxb2 Qxe4 31. Rf1 Qxd5+ 32. Ke1 Bg6 33. Nc3 Qd4 34. Rf2 Nb6 35. Nb5 Ra1+ 0-1

[Event "Reykjavik op"]
[Site "Reykjavik"]
[Date "2015.03.10"]
[Round "1"]
[White "Gao, Rui"]
[Black "Stuhr, Peter Sebastian"]
[Result "1-0"]
[WhiteElo "2533"]
[BlackElo "1973"]
[PlyCount "57"]
[EventDate "2015.03.10"]
[EventType "swiss"]
[EventRounds "10"]
[EventCountry "ISL"]
[SourceTitle "CBM 165 Extra"]
[Source "ChessBase"]
[SourceDate "2015.04.21"]
[SourceVersion "1"]
[SourceVersionDate "2015.04.21"]
[SourceQuality "1"]

1. e4 d6 2. d4 Nf6 3. Nc3 e5 4. Nf3 Nbd7 5. Bc4 Be7 6. 0-0 0-0 7. Re1 c6 8. a4 b6 9. Bg5 Bb7 10. Bxf6 Bxf6 11. d5 c5 12. a5 bxa5 13. Nd2 Nb6 14. Bb5 a6 15. Bf1 Qc7 16. Nb3 c4 17. Nxa5 Bd8 18. g3 f5 19. exf5 Rxf5 20. Bh3 Rf6 21. Nxb7 Qxb7 22. Ne4 Rh6 23. Be6+ Rxe6 24. dxe6 d5 25. Nc5 Qc6 26. Qh5 Bf6 27. Qf7+ Kh8 28. Rxa6 Rc8 29. Nd7 1-0

[Event "Koge Xtracon op"]
[Site "Koge"]
[Date "2014.10.13"]
[Round "4"]
[White "Larsen, Preben R"]
[Black "Stuhr, Peter Sebastian"]
[Result "0-1"]
[WhiteElo "1800"]
[BlackElo "1927"]
[PlyCount "74"]
[EventDate "2014.10.11"]
[EventType "swiss"]
[EventRounds "9"]
[EventCountry "DEN"]
[SourceTitle "EXT 2015"]
[Source "ChessBase"]
[SourceDate "2014.11.20"]
[SourceVersion "1"]
[SourceVersionDate "2014.11.20"]
[SourceQuality "1"]

1. c4 e5 2. Nc3 Nc6 3. Nf3 f5 4. d4 e4 5. d5 Na5 6. Nd2 e3 7. fxe3 Nxc4 8. Nxc4 Qh4+ 9. g3 Qxc4 10. Qd3 Qxd3 11. exd3 Bb4 12. Bg2 d6 13. Bd2 a6 14. a3 Bc5 15. Na4 Ba7 16. b3 b5 17. Nb2 Nf6 18. Rc1 Bb6 19. a4 Kd8 20. e4 Re8 21. Bg5 Bd4 22. Rc2 Bd7 23. Kd2 Rb8 24. a5 Kc8 25. Bxf6 Bxf6 26. Rf1 g6 27. Nd1 b4 28. Ne3 Bg5 29. Rfc1 Rb7 30. Ke2 Bb5 31. Kd2 Re7 32. Re1 Rb8 33. Rcc1 Kb7 34. Rcd1 Rf8 35. Kc2 fxe4 36. dxe4 Rf2+ 37. Rd2 Ref7 0-1

[Event "Koge Xtracon op"]
[Site "Koge"]
[Date "2014.10.12"]
[Round "3"]
[White "Baklan, Vladimir"]
[Black "Stuhr, Peter Sebastian"]
[Result "1-0"]
[WhiteElo "2656"]
[BlackElo "1927"]
[PlyCount "63"]
[EventDate "2014.10.11"]
[EventType "swiss"]
[EventRounds "9"]
[EventCountry "DEN"]
[SourceTitle "EXT 2015"]
[Source "ChessBase"]
[SourceDate "2014.11.20"]
[SourceVersion "1"]
[SourceVersionDate "2014.11.20"]
[SourceQuality "1"]

1. e4 d6 2. g3 Nf6 3. Bg2 Nbd7 4. d4 e5 5. Ne2 c6 6. 0-0 Be7 7. a4 b6 8. b3 Qc7 9. h3 0-0 10. c4 exd4 11. Nxd4 Nc5 12. Nc3 a5 13. g4 h6 14. Ra2 Re8 15. Nxc6 Bb7 16. Nxe7+ Qxe7 17. f3 g5 18. Rd2 Red8 19. Nb5 Ne8 20. Nd4 Ng7 21. Re2 Re8 22. Rfe1 Qd7 23. Nb5 Red8 24. Rd2 Ne8 25. e5 d5 26. cxd5 Bxd5 27. Nc3 Bxb3 28. Rxd7 Bxd1 29. Rdxd1 Rac8 30. Rxd8 Rxd8 31. Be3 Rc8 32. Nd5 1-0

[Event "Borup Skovbo op"]
[Site "Borup"]
[Date "2014.09.12"]
[Round "6"]
[White "Skjoldager, Flemming"]
[Black "Stuhr, Peter Sebastian"]
[Result "0-1"]
[WhiteElo "1876"]
[BlackElo "1942"]
[PlyCount "100"]
[EventDate "2014.09.05"]
[EventType "swiss"]
[EventRounds "9"]
[EventCountry "DEN"]
[SourceTitle "CBM 162 Extra"]
[Source "ChessBase"]
[SourceDate "2014.10.17"]
[SourceVersion "1"]
[SourceVersionDate "2014.10.17"]
[SourceQuality "1"]

1. e4 d6 2. d4 Nf6 3. Nc3 e5 4. dxe5 dxe5 5. Qxd8+ Kxd8 6. Bc4 Bb4 7. Bg5 Bxc3+ 8. bxc3 Be6 9. Bxe6 fxe6 10. 0-0-0+ Nbd7 11. f3 c6 12. Nh3 Kc7 13. Be3 h6 14. Rd3 Nb6 15. Rhd1 Nc4 16. Bc5 Rhd8 17. Be7 Re8 18. Bxf6 gxf6 19. Rd7+ Kb6 20. g3 f5 21. Rf7 Rad8 22. Nf2 Rf8 23. Rxf8 Rxf8 24. Nd3 fxe4 25. fxe4 Rf3 26. Re1 Kb5 27. Kb1 b6 28. Kc1 c5 29. Kb1 a5 30. Kc1 a4 31. Kb1 a3 32. Kc1 Kc6 33. Kd1 Kd6 34. Kc1 Ke7 35. Re2 Rf1+ 36. Re1 Rxe1+ 37. Nxe1 Nd6 38. Nd3 Nxe4 39. Nxe5 b5 40. c4 b4 41. Kb1 Kf6 42. Nd3 e5 43. Nc1 Ke6 44. Ne2 Kf5 45. Kc1 Kg4 46. Ng1 Nc3 47. Kd2 Nxa2 48. Ne2 Nc3 49. Nxc3 bxc3+ 50. Kxc3 e4 0-1

[Event "Borup Skovbo op"]
[Site "Borup"]
[Date "2014.09.11"]
[Round "5"]
[White "Stuhr, Peter Sebastian"]
[Black "Pedersen, Hans Dahl"]
[Result "0-1"]
[WhiteElo "1942"]
[BlackElo "2178"]
[PlyCount "70"]
[EventDate "2014.09.05"]
[EventType "swiss"]
[EventRounds "9"]
[EventCountry "DEN"]
[SourceTitle "CBM 162 Extra"]
[Source "ChessBase"]
[SourceDate "2014.10.17"]
[SourceVersion "1"]
[SourceVersionDate "2014.10.17"]
[SourceQuality "1"]

1. e4 c6 2. Bc4 d5 3. Bb3 dxe4 4. Qh5 e6 5. f3 Nf6 6. Qh4 Nbd7 7. Nc3 Be7 8. fxe4 Nc5 9. Qf4 e5 10. Qxe5 Nxb3 11. axb3 Ng4 12. Qf4 Bd6 13. Qf3 Nxh2 14. Qf2 Ng4 15. Qf3 Bc5 16. Nh3 Qh4+ 17. g3 Qe7 18. Ne2 Ne5 19. Qf4 g5 20. Qf1 Bxh3 21. Qxh3 g4 22. Qh5 0-0-0 23. Qf5+ Qe6 24. Qxe6+ fxe6 25. Nf4 Nf3+ 26. Ke2 Rde8 27. Rh6 e5 28. Nd3 Nd4+ 29. Kd1 Rhf8 30. Rh1 Bb6 31. b4 Rf3 32. Ne1 Rxg3 33. c3 Nf3 34. Nxf3 gxf3 35. Rxh7 Rg1+ 0-1

[Event "Politiken Cup 36th"]
[Site "Helsingor"]
[Date "2014.07.29"]
[Round "10"]
[White "Markussen, Benno Orvad"]
[Black "Stuhr, Peter Sebastian"]
[Result "0-1"]
[WhiteElo "1732"]
[BlackElo "1965"]
[PlyCount "126"]
[EventDate "2014.07.21"]
[EventType "swiss"]
[EventRounds "10"]
[EventCountry "DEN"]
[SourceTitle "CBM 161 Extra"]
[Source "ChessBase"]
[SourceDate "2014.08.29"]
[SourceVersion "1"]
[SourceVersionDate "2014.08.29"]
[SourceQuality "1"]

1. Nf3 Nc6 2. b3 e5 3. d3 Bc5 4. Bb2 d6 5. e3 a6 6. Be2 f5 7. d4 Bb4+ 8. c3 e4 9. cxb4 exf3 10. Bxf3 d5 11. Nc3 Nf6 12. a3 0-0 13. 0-0 Be6 14. Rc1 Ne7 15. Be2 c6 16. f4 Ne4 17. Rf3 Kh8 18. a4 b5 19. Nb1 Qd6 20. Ba3 Ng8 21. Nd2 Ngf6 22. Bd3 Rfc8 23. Rf1 a5 24. axb5 axb4 25. Bb2 Ra2 26. Rc2 cxb5 27. Rxc8+ Bxc8 28. Qc1 Bd7 29. Nxe4 dxe4 30. Bb1 Ra6 31. Qd2 Rc6 32. Rc1 Nd5 33. Bc2 Qc7 34. Bd1 Be6 35. Ra1 g6 36. h3 Kg8 37. Kh2 Kf7 38. Rc1 Rxc1 39. Qxc1 Nc3 40. Qd2 Bd5 41. Qc1 Qc6 42. g4 Nxd1 43. Qxd1 Qe6 44. gxf5 Qxf5 45. Qd2 Be6 46. Qg2 Bxb3 47. Qg5 Be6 48. Qxf5+ Bxf5 49. d5 Ke7 50. Be5 b3 51. h4 b2 52. Bxb2 Kd6 53. Kg3 Kxd5 54. h5 Kc4 55. Kh4 Kd3 56. Bd4 b4 57. Kg5 b3 58. Kh6 b2 59. Bxb2 Kxe3 60. hxg6 hxg6 61. Kg5 Kd2 62. Ba3 e3 63. Bb4+ Kd1 0-1

[Event "Politiken Cup 36th"]
[Site "Helsingor"]
[Date "2014.07.25"]
[Round "6"]
[White "Molvig, Henrik"]
[Black "Stuhr, Peter Sebastian"]
[Result "1-0"]
[WhiteElo "2162"]
[BlackElo "1965"]
[PlyCount "103"]
[EventDate "2014.07.21"]
[EventType "swiss"]
[EventRounds "10"]
[EventCountry "DEN"]
[SourceTitle "CBM 161 Extra"]
[Source "ChessBase"]
[SourceDate "2014.08.29"]
[SourceVersion "1"]
[SourceVersionDate "2014.08.29"]
[SourceQuality "1"]

1. d4 d6 2. c4 Nf6 3. Nc3 e5 4. Nf3 Nbd7 5. e4 c6 6. Be2 Be7 7. 0-0 Qc7 8. Qc2 h6 9. Rd1 g5 10. d5 Nf8 11. Nd2 Ng6 12. Nf1 Nf4 13. Ne3 h5 14. Bf1 h4 15. b4 a6 16. a4 Bd7 17. Rb1 g4 18. dxc6 Qxc6 19. Ncd5 N6xd5 20. Nxd5 Nxd5 21. b5 axb5 22. axb5 Nb4 23. Rxb4 Qc5 24. Rb3 Be6 25. Be3 Qc7 26. g3 f6 27. Rc3 b6 28. Qb2 Bf8 29. Rcc1 hxg3 30. fxg3 Rb8 31. Ra1 Qh7 32. Bd3 Bh6 33. Bxh6 Qxh6 34. Qf2 Qh7 35. Rd2 Rf8 36. Rda2 f5 37. exf5 Bxf5 38. Rf1 Qc7 39. Bxf5 Ke7 40. Qe3 Rf6 41. Bd3 Qc5 42. Qxc5 dxc5 43. Rxf6 Kxf6 44. Rf2+ Ke7 45. Be4 Rg8 46. Bd5 Rg7 47. Rf5 Kd6 48. Rf6+ Kc7 49. Rc6+ Kd8 50. Rxb6 Ra7 51. Ra6 Rd7 52. b6 1-0

[Event "Politiken Cup 36th"]
[Site "Helsingor"]
[Date "2014.07.22"]
[Round "3"]
[White "Stuhr, Peter Sebastian"]
[Black "Derakhshani, Dorsa"]
[Result "0-1"]
[WhiteElo "1965"]
[BlackElo "2169"]
[PlyCount "60"]
[EventDate "2014.07.21"]
[EventType "swiss"]
[EventRounds "10"]
[EventCountry "DEN"]
[SourceTitle "CBM 161 Extra"]
[Source "ChessBase"]
[SourceDate "2014.08.29"]
[SourceVersion "1"]
[SourceVersionDate "2014.08.29"]
[SourceQuality "1"]

1. d3 e5 2. Nf3 Nc6 3. Nbd2 d5 4. e4 f5 5. exd5 Qxd5 6. c3 Bc5 7. b4 Be7 8. Qb3 Qd6 9. Nc4 Qe6 10. b5 e4 11. Ng5 Bxg5 12. bxc6 exd3+ 13. Kd1 b5 14. Qxb5 a6 15. Qe5 Bf6 16. Qxe6+ Bxe6 17. Bxd3 Bxc3 18. Rb1 Ne7 19. Rb3 Bd4 20. Re1 Kf7 21. Rb7 Rhd8 22. Rxc7 Bc3 23. Re3 f4 24. Re4 Rxd3+ 25. Kc2 Rad8 26. Rxe7+ Kxe7 27. c7 Ba1 28. Bxf4 Rc3+ 29. Kb1 Rd1+ 30. Bc1 Rdxc1# 0-1